000 01405nam a2200217Ia 4500
003 Ost
005 20260507075020.0
008 260507s9999||||xx |||||||||||||| ||und||
020 _a4615919977
040 _cfsecg
041 _aara
082 _a508.3
100 _aمصطفى، عبد الحفيظ محمد فوزى
_eمؤلف
245 0 _aنظرية اختبار الفرضيات /
_c عبد الحفيظ محمد فوزى مصطفى
260 _aالاسكندرية:
_bمجموعة النيل العربية,
_c2002
300 _a454 صفحة؛
_bإيضاحات ؛
_c24 سم
520 _aبعض المفاهيم والمصطلحات الأساسية في إختبار الفرضيات- الإختيار بين فرضيتين بسيطتين-إختبارات وحيدة الجانب-إختبار ذات الجانبين- اختبار نسبة المعقولية العامة-الإختيار بين فرضيتين بسيطتين باستخدام التحليل التتابعي-إختبار الفرضيات حول كميات-إختبارات التماثل في منظومة مبوبة-إختبارات الإستقلال ولإختبارات العشوائية- الفرضيات الإحصائية اللامعلمية-إختبارات التجانس- مبادئ نظرية القرار
653 _aالطرق الاحصائية
653 _aالمسح العلمي
942 _cكتاب
999 _c42269
_d42269